Trends in music therapy today / (Record no. 156418)

MARC details
000 -LEADER
fixed length control field 00589nam a22001937a 4500
005 - DATE AND TIME OF LATEST TRANSACTION
control field 20180827150807.0
010 ## - LCCN (DPL NO)
LC control number ENG-123780
020 ## - INTERNATIONAL STANDARD BOOK NUMBER
International Standard Book Number 9788174533739
Terms of availability 750.00
035 ## - SYSTEM CONTROL NUMBER
System control number EN-107312
037 ## - SOURCE OF ACQUISITION
Source of stock number/acquisition DBAD/PUB
082 ## - DEWEY DECIMAL CLASSIFICATION NUMBER
Classification number 615.85154
100 ## - MAIN ENTRY--PERSONAL NAME
Personal name
245 ## - TITLE STATEMENT
Title Trends in music therapy today /
Statement of responsibility, etc ed. by Lovely Sharma
260 ## - PUBLICATION, DISTRIBUTION, ETC. (IMPRINT)
Place of publication, distribution, etc New Delhi
Name of publisher, distributor, etc Sanjay Prakashan
Date of publication, distribution, etc 2009
270 ## - ADDRESS
Address 4378/4 D, 209 J.M.D. House, Ansari Road, Darya Ganj,
City New Delhi
Postal code 110002
300 ## - PHYSICAL DESCRIPTION
Extent xi,222p.
Dimensions 22cm(Hb).
Other physical details ill.
700 ## - ADDED ENTRY--PERSONAL NAME
Personal name Sharma, Lovely
942 ## - ADDED ENTRY ELEMENTS (KOHA)
Source of classification or shelving scheme Dewey Decimal Classification
Item type English Books
Classification part 615.85154
Call number suffix TRE
Holdings
Withdrawn status Lost status Not for loan Collection code Home library Current library Date acquired Source of acquisition Cost, normal purchase price Full call number Barcode Copy number Cost, replacement price Koha item type
    Not For Loan Non-fiction D.B.Act.Division Bawana 27/08/2018 DBAD/PUB 750.00 615.85154 TRE EN-107312 1 750.00 English Books

© Delhi Public Library
Hit Counter
free hit counter